000 00591nam a2200241 a 4500
001 nice12345678
003 IN_TiNIC
005 20260116012242.0
008 050524s1976 lona grp 000 0 eng
020 _a0281342
_c153
082 0 0 _a201
_bHAN
100 _aHanson, R P C
245 _aMystery and Imagination
_b Reflections on Christianity
260 _aLondon
_bSPCK
_c1976
300 _a113p
500 _aincludes index and biblioraphy
505 2 _aNotes
650 _aChristianity
700 1 _aHanson, R P C
902 _bSRS
942 _cBK
999 _c6249
_d6249